000 00763nam a2200265 i 4500
001 C2-0099112
003 PPAK
005 20210609083230.0
008 970525s1987 my a j | 0 1 may d
020 _a967952129X
_qpaperback
040 _aPPAK
_beng
_cPPAK
_erda
082 0 4 _a499.2386
_223
090 0 0 _a499.2386
_bISM
_dK
100 0 _aIsmail Restu,
_eauthor.
245 1 0 _aJuara bohong /
_cIsmail Restu
264 1 _aPetaling Jaya, Selangor :
_bKompas,
_c1987
300 _a29 pages :
_billustrations ;
_c21 cm
336 _2rdacontent
_atext
337 _2rdamedia
_aunmediated
338 _2rdacarrier
_avolume
490 1 _aSiri sastera tanahair
650 1 0 _aMalay language
_vReaders
_xFiction
830 0 _aSiri sastera tanahair
942 _cB
_2ddc
999 _c21961
_d21961